Mīzān al-shiʻr, (Record no. 45487)

MARC details
000 -LEADER
fixed length control field 00667cam a22002291 4500
001 - CONTROL NUMBER
control field ne 63000179
003 - CONTROL NUMBER IDENTIFIER
control field DLC
005 - DATE AND TIME OF LATEST TRANSACTION
control field 20260227111740.0
008 - FIXED-LENGTH DATA ELEMENTS--GENERAL INFORMATION
fixed length control field 811028s1961 ua a 000 0 ararc
010 ## - LIBRARY OF CONGRESS CONTROL NUMBER
LC control number ne 63000179
025 ## - OVERSEAS ACQUISITION NUMBER
Overseas acquisition number PL480:UAR-1250
035 ## - SYSTEM CONTROL NUMBER
System control number (OCoLC)7887415
040 ## - CATALOGING SOURCE
Original cataloging agency Princeton Univ. Libr.
Transcribing agency TU
Modifying agency TU
-- DLC
042 ## - AUTHENTICATION CODE
Authentication code premarc
050 00 - LIBRARY OF CONGRESS CALL NUMBER
Classification number PJ6171
Item number .H3
100 1# - MAIN ENTRY--PERSONAL NAME
Personal name Ḥamīd, Budayr Mitwallī.
245 10 - TITLE STATEMENT
Title Mīzān al-shiʻr,
Statement of responsibility, etc. li-Badīr Mitwallī Ḥamīd.
250 ## - EDITION STATEMENT
Edition statement [al-ṭabʻah al-ūlā]
260 ## - PUBLICATION, DISTRIBUTION, ETC.
Place of publication, distribution, etc. al-Qāhirah,
Name of publisher, distributor, etc. Dār al-maʻrifah.
Date of publication, distribution, etc. [1961]
300 ## - PHYSICAL DESCRIPTION
Extent 172 p.
Other physical details diagrs.
Dimensions 21 cm.
650 #0 - SUBJECT ADDED ENTRY--TOPICAL TERM
Topical term or geographic name entry element Arabic language
General subdivision Versification.

No items available.

Powered by Koha